000 00687nam a2200181Ia 4500
008 151018s9999 xx 000 0 und d
082 _bRBASDV4950
_a891.463
100 _aनिर्मिती शिबीर बालवाडमय
245 _aकथा कहाण्या
250 _b1
260 _bबालवाड्मय निर्मिती शिबीर
_c1960
300 _a26
600 _aनिर्मिती शिबीर बालवाडमय
630 _aकथा कहाण्या
700 _aनिर्मिती शिबीर बालवाडमय
730 _aकथा कहाण्या
942 _cBOOK
999 _c1007334
_d1007331